000 00966nam a2200217 a 4500
001 000005648
005 20200929151730.0
008 970227s1996 ck b b 000 0dspa
020 _a9586122581
040 _aDO-SdBNP
_bspa
_cBNPHU
082 _a320.9861
_bV732v
100 1 _aVillegas Botero, Luis Javier,
_d1941-
_915978
245 1 4 _aLas vías de legitimación de un poder :
_bla administración presidida por Pedro Justo Berrío en el Estado Soberano de Antioquia, 1864-1873 /
_cLuis Javier Villegas Botero.
260 _aSantafé de Bogotá, Colombia :
_bColcultura,
_c1996.
300 _axxv, 169 p. :
_bil. ;
_c21 cm.
586 _aPremios nacionales de cultura, 1995
500 _aAdaptación de la tesis (Maestría) - Universidad Nacional de Colombia.
504 _aIncluye referencias bibliográficas: (p. 161-169).
600 1 0 _aBERRÍO, PEDRO JUSTO,
_d1827-1875.
_915979
651 0 _aAntioquia (Colombia : Departamento{Rpara}
_xPolítica Y Gobierno
_915980
999 _c5447
_d5447